| 000 | 00578 a2200169 4500 | ||
|---|---|---|---|
| 999 |
_c5707 _d5707 |
||
| 020 | _a0949981524 | ||
| 050 | _aPL8745 MAY 1982 | ||
| 100 |
_aMayevu, G. S. (George Shirhami) _eauthor |
||
| 245 |
_aXihluke xa Xitsonga : _bNtangha 8 / _cG.S. Mayevu and N. L. Nkatini |
||
| 264 |
_aBraamfontein : _bSasavonaPublishers and Booksellers, _c1976 |
||
| 300 | _a111p. : | ||
| 500 | _aIncludes bibliographical references | ||
| 650 |
_aTsonga language _xGrammar |
||
| 650 |
_aTsonga language _xComposition and exercises |
||
| 700 |
_aNkatini, N.L. _eauthor |
||
| 942 |
_2lcc _cBK _h8745 _iMAY _kPL |
||